000 00508nam a2200181Ia 4500
008 100921s9999 xx 000 0 und d
082 _b30693
_a891.463 0
100 _a---
245 _aघायाळ.
260 _b---
_c0
300 _a0
_bमयुरेष बुक एजन्सी,कराड
365 _b0
520 _aललित-कादंबरी.
630 _aघायाळ.
650 _aललित-कादंबरी.
730 _aघायाळ.
942 _cBOOK
999 _c779806
_d779803